[Event "Titled Tue 17th Jun Late"]
[Site "chess.com INT"]
[Date "2025.06.17"]
[Round "9"]
[White "Frischmann, Rick"]
[Black "Terron Elena, Francisco M."]
[Result "1-0"]
[WhiteTitle "FM"]
[BlackTitle "FM"]
[WhiteElo "2355"]
[BlackElo "2148"]
[WhiteFideId "24660752"]
[BlackFideId "2210576"]
[EventDate "2025.06.17"]

1. e4 e5 2. Nf3 Nc6 3. d4 exd4 4. Nxd4 g6 5. Bc4 Bg7 6. Nxc6 bxc6 7. Nc3 d6 8.
O-O Nf6 9. Re1 O-O 10. Bg5 h6 11. Bh4 Rb8 12. Bb3 g5 13. Bg3 Ng4 14. Rb1 Ne5 15.
Ne2 Bg4 16. Qd2 Qf6 17. f4 Ng6 18. fxg5 hxg5 19. Rf1 Qe7 20. Nd4 Bd7 21. Rbe1
Ne5 22. Nf5 Bxf5 23. Rxf5 c5 24. Qe2 c4 25. Bxc4 Nxc4 26. Qxc4 Rxb2 27. Ref1 Kh8
28. Bf2 f6 29. h4 c5 30. Qd3 Rb6 31. Bg3 Rd8 32. Qf3 Kg8 33. hxg5 fxg5 34. Qh5
Rb7 35. Rxg5 Rf8 36. Re1 Qf7 37. Qg4 Qf6 38. Rg6 Qf7 39. Rxd6 1-0

[Event "Titled Tue 17th Jun Late"]
[Site "chess.com INT"]
[Date "2025.06.17"]
[Round "9"]
[White "Askarov, Bakhtiyar"]
[Black "Sheehan, Ethan"]
[Result "0-1"]
[WhiteTitle "IM"]
[WhiteElo "2297"]
[BlackElo "2364"]
[WhiteFideId "13701100"]
[BlackFideId "30943965"]
[EventDate "2025.06.17"]

1. d4 d5 2. Nf3 Nf6 3. Bf4 c5 4. e3 Nc6 5. Nbd2 cxd4 6. exd4 Bg4 7. c3 e6 8. Qb3
Bd6 9. Qxb7 Bxf4 10. Qxc6+ Kf8 11. Qa6 g6 12. Be2 Rb8 13. Nb3 Kg7 14. O-O Qc7
15. h3 Bf5 16. Rfe1 Ne4 17. Ne5 f6 18. Nd3 Bh2+ 19. Kh1 h5 20. Nbc5 Bd6 21. b4
Nxc3 22. Bf3 Rb6 23. Qa5 Nb5 24. Rac1 Qf7 25. Be2 Nxd4 26. Bf1 Nc6 27. Qa3 e5
28. b5 Nd4 29. Qc3 Nxb5 30. Qd2 Nd4 31. Nb4 Rc8 32. Ncd3 Rxc1 33. Rxc1 Qb7 34.
a3 a5 35. Nc2 Nb3 36. Qd1 Nxc1 37. Nxc1 Rb1 38. Qd2 Qb2 39. Qxd5 Qxc1 40. Qxd6
Qxf1+ 41. Kh2 Qc4 0-1

[Event "Titled Tue 17th Jun Late"]
[Site "chess.com INT"]
[Date "2025.06.17"]
[Round "9"]
[White "Lin, Bryan Enming"]
[Black "Maksimovic, Bojan"]
[Result "1-0"]
[WhiteTitle "FM"]
[BlackTitle "IM"]
[WhiteElo "2343"]
[BlackElo "2514"]
[WhiteFideId "30987121"]
[BlackFideId "14408120"]
[EventDate "2025.06.17"]

1. e4 c5 2. Nf3 e6 3. g3 d5 4. exd5 exd5 5. d4 Nf6 6. Bg2 Nc6 7. O-O cxd4 8.
Nxd4 Be7 9. Nc3 Bg4 10. Qd3 O-O 11. h3 Bh5 12. a3 Bg6 13. Qd1 Rc8 14. Nb3 d4 15.
Nb5 d3 16. c3 Qb6 17. a4 Bc5 18. Nxc5 Qxc5 19. Be3 Qe7 20. Nxa7 Nxa7 21. Bxa7
Rfd8 22. Bd4 h5 23. a5 Rxd4 24. cxd4 Qb4 25. Qa4 Qxb2 26. Rab1 Qe2 27. Bxb7 Rd8
28. a6 d2 29. Qd1 Qd3 30. a7 Qxd4 31. a8=Q Rxa8 32. Bxa8 h4 33. g4 Qc3 34. Rb3
Qd4 35. Bg2 Kh7 36. Re3 Nd5 37. Bxd5 Qxd5 38. Re2 Qf3 39. Rxd2 Qxh3 40. f3 Qg3+
41. Rg2 Qf4 42. Qe1 Qf6 43. Rh2 Qb6+ 44. Qf2 1-0

[Event "Titled Tue 17th Jun Late"]
[Site "chess.com INT"]
[Date "2025.06.17"]
[Round "9"]
[White "Matinian, Nikita"]
[Black "Cernov, Henrik"]
[Result "0-1"]
[WhiteTitle "GM"]
[BlackTitle "FM"]
[WhiteElo "2421"]
[BlackElo "2325"]
[WhiteFideId "24129100"]
[BlackFideId "16258312"]
[EventDate "2025.06.17"]

1. e4 c5 2. Nf3 e6 3. d4 cxd4 4. Nxd4 Nf6 5. Nc3 Nc6 6. Qd3 d5 7. exd5 Nb4 8.
Qg3 Nbxd5 9. Bb5+ Bd7 10. O-O a6 11. Bxd7+ Qxd7 12. Rd1 Bd6 13. Qxg7 O-O-O 14.
Nxd5 Nxd5 15. Qh6 Rhg8 16. c4 Nb4 17. Be3 e5 18. Nf3 Qg4 19. Ng5 Nc2 20. h3 Qf5
21. Rxd6 Nxa1 22. Rxa6 bxa6 23. Qc6+ Kb8 24. Qb6+ Kc8 25. Qxa6+ Kd7 26. g4 Qg6
27. Qb5+ Qc6 28. Qxe5 Rge8 29. Qf5+ Kc7 30. Qxf7+ Kc8 31. Qf5+ Kb7 32. Qxh7+ Rd7
33. Qf5 Red8 34. Kh2 Rd1 35. Ne4 Kb8 36. Bf4+ Ka8 37. Qa5+ Kb7 38. Nc5+ Kc8 39.
Kg3 Nc2 40. Nb3 Nd4 0-1

[Event "Titled Tue 17th Jun Late"]
[Site "chess.com INT"]
[Date "2025.06.17"]
[Round "9"]
[White "Khenkin, Igor"]
[Black "Rao, Anjaneya Sripathy"]
[Result "1-0"]
[WhiteTitle "GM"]
[BlackTitle "CM"]
[WhiteElo "2499"]
[BlackElo "2217"]
[WhiteFideId "4659600"]
[BlackFideId "30954770"]
[EventDate "2025.06.17"]

1. e4 e6 2. d4 d5 3. Nd2 c5 4. exd5 Qxd5 5. dxc5 Bxc5 6. Ngf3 Nf6 7. Bd3 Nc6 8.
Qe2 Nb4 9. Bb5+ Bd7 10. Bxd7+ Qxd7 11. Nb3 Bd6 12. c3 Nbd5 13. O-O O-O 14. Rd1
Qc7 15. c4 Nf4 16. Bxf4 Bxf4 17. g3 Bd6 18. Nbd4 a6 19. Nxe6 Qe7 20. Ned4 Qc7
21. Nf5 Bc5 22. Kg2 Rfe8 23. Qd2 Qc6 24. Qg5 g6 25. Nh6+ Kg7 26. Ng4 Nxg4 27.
Qxg4 Re2 28. Rf1 Rae8 29. b3 R8e6 30. Rad1 h5 31. Qg5 R6e5 32. Qc1 Rf5 33. Rd5
Rxd5 34. cxd5 Qxd5 35. Qc3+ Kg8 36. b4 Bb6 37. a4 a5 38. bxa5 Bxa5 39. Qc8+ Kg7
40. Qa8 Bb6 41. a5 Bc5 42. a6 Qa2 43. axb7 Rxf2+ 44. Kh3 1-0

[Event "Titled Tue 17th Jun Late"]
[Site "chess.com INT"]
[Date "2025.06.17"]
[Round "9"]
[White "Rosen, Eric"]
[Black "Oksendal, Martin"]
[Result "1-0"]
[WhiteTitle "IM"]
[BlackTitle "FM"]
[WhiteElo "2377"]
[BlackElo "2235"]
[WhiteFideId "2032562"]
[BlackFideId "1554107"]
[EventDate "2025.06.17"]

1. d4 Nf6 2. Bf4 g6 3. Nc3 d5 4. e3 Bg7 5. h4 c5 6. Nb5 Na6 7. h5 Nxh5 8. Rxh5
gxh5 9. Qxh5 cxd4 10. exd4 Qa5+ 11. c3 Bd7 12. Qxd5 Qb6 13. Bc4 Be6 14. Qe4 Bxc4
15. Nd6+ Kf8 16. Nxc4 Qb5 17. b3 Rc8 18. Nf3 Nc7 19. Kf1 Nd5 20. Bd2 Nb6 21.
Qxb7 Qd7 22. Qxd7 Nxd7 23. Re1 Nb6 24. Nce5 Bf6 25. c4 Ke8 26. d5 h5 27. Bf4 Nd7
28. Nc6 e6 29. Ncd4 Bxd4 30. Nxd4 e5 31. Bxe5 Nxe5 32. Rxe5+ Kd7 33. Rf5 Rcf8
34. Nc6 a6 35. Ne5+ Kd6 36. f4 Ke7 37. Nc6+ Kd6 38. Rf6+ Kc5 39. Ne5 Kd4 40.
Rxa6 h4 41. Rf6 h3 42. gxh3 Rxh3 43. Kg2 Rc3 44. d6 Rc2+ 45. Kf3 Rxa2 46. d7 Rb2
47. Rxf7 Rxb3+ 48. Kg4 Rd8 49. Nc6+ Kxc4 50. Nxd8 Rd3 51. Nc6 1-0

[Event "Titled Tue 17th Jun Late"]
[Site "chess.com INT"]
[Date "2025.06.17"]
[Round "9"]
[White "Modric, Nesa"]
[Black "Willim, Michael"]
[Result "1-0"]
[WhiteTitle "CM"]
[BlackTitle "CM"]
[WhiteElo "2088"]
[BlackElo "2024"]
[WhiteFideId "922579"]
[BlackFideId "4632435"]
[EventDate "2025.06.17"]

1. d4 d5 2. Bg5 c6 3. e3 Qb6 4. Nd2 Qxb2 5. Bd3 Nf6 6. Ngf3 Nbd7 7. O-O e6 8. c4
Qa3 9. Qc2 h6 10. Bh4 Be7 11. c5 Qa5 12. a4 O-O 13. h3 Qd8 14. Bg3 b6 15. cxb6
Nxb6 16. a5 Nc4 17. Nxc4 dxc4 18. Qxc4 c5 19. dxc5 Bb7 20. Rfd1 Qc8 21. Rac1 Bd5
22. Qa6 Ne4 23. Qxc8 Raxc8 24. Bxe4 Bxe4 25. Bd6 Rfe8 26. Nd4 e5 27. Nb5 a6 28.
Nc7 Red8 29. Bxe7 Rxd1+ 30. Rxd1 Rxc7 31. Rd8+ Kh7 32. Bd6 Rc6 33. Rb8 Bd5 34.
Rb6 f5 35. Bxe5 Kg6 36. Bd4 Kf7 37. Rb7+ Ke6 38. Rxg7 Be4 39. Rg6+ Kd5 40. Rxc6
Kxc6 41. f3 Bd5 42. Kf2 Kb5 43. g4 Kxa5 44. gxf5 Kb5 45. f6 a5 46. e4 Bf7 47. f4
Kc4 48. Ke3 Kb5 49. f5 1-0

[Event "Titled Tue 17th Jun Late"]
[Site "chess.com INT"]
[Date "2025.06.17"]
[Round "9"]
[White "George, Kevin"]
[Black "Yanev, Tihomir"]
[Result "0-1"]
[WhiteTitle "IM"]
[BlackTitle "IM"]
[WhiteElo "2327"]
[BlackElo "2354"]
[WhiteFideId "10669515"]
[BlackFideId "2910110"]
[EventDate "2025.06.17"]

1. e4 e5 2. Nf3 Nc6 3. d4 exd4 4. Nxd4 Bb4+ 5. c3 Bc5 6. Nf5 g6 7. Ne3 d6 8. Bc4
Nf6 9. O-O O-O 10. f3 Be6 11. Bxe6 fxe6 12. b4 Bb6 13. a4 a5 14. Qb3 Qe7 15. Re1
Nh5 16. Nd2 axb4 17. cxb4 Nf4 18. Nc4 Bd4 19. Ra2 Kh8 20. Bb2 e5 21. Kh1 Bxb2
22. Rxb2 Nd4 23. Qa3 Qg5 24. a5 Qh5 25. Nd2 c6 26. Qa1 Nd3 27. Ndc4 Nxe1 28.
Qxe1 Rf6 29. Ng4 Re6 30. Rd2 Rf8 31. Qe3 Qh4 32. h3 Qg3 33. Nh2 Qf4 34. Qd3 d5
35. exd5 cxd5 36. Ne3 Rd8 37. Neg4 Nf5 38. Qc3 d4 39. Qc7 Qxd2 40. Qxd8+ Kg7 41.
Qc7+ Re7 42. Qd8 Ng3+ 43. Kg1 Qe1+ 44. Nf1 Qxf1+ 45. Kh2 Nf5 46. Nxe5 Rxe5 47.
Qc7+ Re7 48. Qf4 Qe2 49. h4 Qe5 0-1

[Event "Titled Tue 17th Jun Late"]
[Site "chess.com INT"]
[Date "2025.06.17"]
[Round "9"]
[White "Bazan Romero, Octavio Aaron"]
[Black "Bratovic, Blaz"]
[Result "1-0"]
[WhiteTitle "FM"]
[BlackTitle "IM"]
[WhiteElo "2289"]
[BlackElo "2319"]
[WhiteFideId "20003943"]
[BlackFideId "14603551"]
[EventDate "2025.06.17"]

1. d4 f5 2. Nc3 Nf6 3. Bg5 d5 4. f3 e6 5. Qd3 Be7 6. O-O-O O-O 7. Bxf6 Bxf6 8.
e4 c6 9. Nh3 b5 10. e5 Be7 11. f4 a5 12. Nf2 Na6 13. Qf3 a4 14. Bd3 Bd7 15. g4
b4 16. Nb1 c5 17. gxf5 c4 18. f6 cxd3 19. fxe7 Qxe7 20. Nxd3 Be8 21. Rhg1 Bg6
22. h4 b3 23. axb3 axb3 24. c3 Nb8 25. h5 Be4 26. Qe3 Ra1 27. Kd2 Nd7 28. Nf2
Nb6 29. Ke2 Nc4 30. Qg3 Bc2 31. Rde1 Qf7 32. h6 g6 33. Nd2 Rxe1+ 34. Rxe1 Nxb2
35. Ng4 Qb7 36. Nf6+ Rxf6 37. exf6 Qb5+ 38. Kf2 Nd3+ 39. Kg2 Nxe1+ 40. Qxe1 Bf5
41. c4 dxc4 42. Nb1 Bxb1 43. Qxe6+ Kf8 44. Qe7+ Kg8 45. f7+ 1-0

[Event "Titled Tue 17th Jun Late"]
[Site "chess.com INT"]
[Date "2025.06.17"]
[Round "9"]
[White "Nita, Lucian"]
[Black "Tinmaz, Kerem"]
[Result "0-1"]
[BlackTitle "FM"]
[WhiteElo "2143"]
[BlackElo "2013"]
[WhiteFideId "1206923"]
[BlackFideId "44559151"]
[EventDate "2025.06.17"]

1. e4 e6 2. d3 d5 3. Nd2 Nf6 4. Ngf3 c5 5. c3 Nc6 6. e5 Nd7 7. d4 Qb6 8. Nb3 a5
9. a4 cxd4 10. cxd4 Bb4+ 11. Ke2 Qa6+ 12. Ke3 Qa7 13. Kf4 Ne7 14. h4 h5 15. Kg3
Nf5+ 16. Kh2 b6 17. Bb5 Ba6 18. Qd3 Bxb5 19. Qxb5 Qa6 20. Qxa6 Rxa6 21. Bd2 Bxd2
22. Nbxd2 Nb8 23. Rhc1 Kd7 24. Rc3 Rc8 25. Rac1 Rxc3 26. Rxc3 Nc6 27. Nb3 Ra7
28. Kg1 Rc7 29. Kf1 Nb4 30. Ke2 Na2 31. Rxc7+ Kxc7 32. Kd3 Nb4+ 33. Kc3 Nc6 34.
Nbd2 Kd7 35. Nb1 Ke7 36. Na3 f6 37. exf6+ Kxf6 38. Nb5 e5 39. g3 e4 40. Ng1 e3
41. fxe3 Nxe3 42. Ne2 Kf5 43. Kd3 Nd1 44. Kc2 Nf2 45. Nc7 Ne7 0-1

[Event "Titled Tue 17th Jun Late"]
[Site "chess.com INT"]
[Date "2025.06.17"]
[Round "9"]
[White "Steinberg, Nitzan"]
[Black "Suleymanli, Suleyman"]
[Result "1-0"]
[WhiteTitle "GM"]
[BlackTitle "FM"]
[WhiteElo "2554"]
[BlackElo "2308"]
[WhiteFideId "2801795"]
[BlackFideId "13416375"]
[EventDate "2025.06.17"]

1. Nf3 d5 2. d4 c6 3. c4 Nf6 4. g3 Bf5 5. Bg2 e6 6. O-O h6 7. Nc3 Nbd7 8. b3 Be7
9. Bb2 O-O 10. Nd2 a5 11. e4 dxe4 12. Ndxe4 Nxe4 13. Nxe4 a4 14. Bc3 Nf6 15. Nc5
Bxc5 16. dxc5 Ne4 17. Bd4 axb3 18. axb3 Qe7 19. Qe1 Rxa1 20. Qxa1 f6 21. Rd1 Rd8
22. b4 Qd7 23. Bf3 Ng5 24. Be2 Bc2 25. Rd2 Ne4 26. Rxc2 Qxd4 27. Qxd4 Rxd4 28.
f3 Ng5 29. Kf2 e5 30. Ra2 Nh3+ 31. Ke3 f5 32. Ra7 f4+ 33. gxf4 Nxf4 34. Rxb7
Ng2+ 35. Kf2 Nf4 36. Ke3 Ng2+ 37. Kf2 Nf4 38. Bf1 Rd2+ 39. Ke1 Rxh2 40. b5 cxb5
41. c6 Ne6 42. Re7 Nd4 43. c7 Nc2+ 44. Kd1 Ne3+ 45. Kc1 1-0

[Event "Titled Tue 17th Jun Late"]
[Site "chess.com INT"]
[Date "2025.06.17"]
[Round "9"]
[White "Shermuhammadov, Samandar"]
[Black "Svane, Rasmus"]
[Result "0-1"]
[WhiteTitle "FM"]
[BlackTitle "GM"]
[WhiteElo "2110"]
[BlackElo "2626"]
[WhiteFideId "14205602"]
[BlackFideId "4657101"]
[EventDate "2025.06.17"]

1. e4 c6 2. Nf3 d5 3. d3 Bg4 4. Be2 e6 5. h3 Bh5 6. O-O Bd6 7. Nfd2 Bxe2 8. Qxe2
Ne7 9. e5 Bc7 10. Nb3 Nd7 11. d4 O-O 12. Bg5 h6 13. Bxe7 Qxe7 14. c3 f6 15. f4
fxe5 16. fxe5 Rxf1+ 17. Qxf1 Rf8 18. Qe2 c5 19. Na3 cxd4 20. cxd4 Bb6 21. Nc2
Nb8 22. Rf1 Rxf1+ 23. Qxf1 Nc6 24. Kh1 Qh4 25. Qd3 Kf7 26. Qf3+ Ke7 27. Kh2 Bxd4
28. Nbxd4 Nxd4 29. Qa3+ Kf7 30. Nxd4 Qxd4 31. Qd6 Qb6 32. Qd7+ Kg6 33. Qe8+ Kh7
34. b3 Qc6 35. Qe7 d4 36. Qd6 Qd5 37. Kg3 Kg6 38. Qc7 d3 39. Kf2 Qe4 40. Qd6
Qf4+ 41. Kg1 Qe3+ 42. Kh2 Kf5 43. g4+ Kf4 44. Qf8+ Ke4 45. Qb4+ Kf3 46. Qxb7+
Qe4 47. Qf7+ Qf4+ 48. Qxf4+ Kxf4 0-1

[Event "Titled Tue 17th Jun Late"]
[Site "chess.com INT"]
[Date "2025.06.17"]
[Round "9"]
[White "Ali, Sebbar"]
[Black "Janaszak, Dawid"]
[Result "0-1"]
[WhiteTitle "IM"]
[BlackTitle "FM"]
[WhiteElo "2400"]
[BlackElo "2306"]
[WhiteFideId "8100977"]
[BlackFideId "1119206"]
[EventDate "2025.06.17"]

1. e4 e6 2. d4 d5 3. Nd2 c5 4. exd5 exd5 5. Ngf3 Nc6 6. Bb5 cxd4 7. O-O Nf6 8.
Re1+ Be7 9. Qe2 Bd7 10. Nb3 Ne4 11. Nfxd4 O-O 12. Bxc6 bxc6 13. c4 Re8 14. cxd5
cxd5 15. Be3 Bd6 16. Qf3 a5 17. Bf4 Bb4 18. Red1 a4 19. Nd2 a3 20. bxa3 Bc3 21.
Nxe4 Bxa1 22. Nd6 Bxd4 23. Nxe8 Qxe8 24. Qxd5 Ba4 25. Rb1 Bf6 26. h3 Bc6 27. Qc4
Rc8 28. Qb4 Qe6 29. Re1 Qd5 30. f3 h6 31. Kh2 Bb7 32. Qb6 Ba8 33. Bg3 Qd2 34.
Qa6 Qc2 35. Re2 Qc6 36. Qa5 Qc4 37. Qf5 Bb7 38. Rd2 Qe6 39. Qb5 Bc6 40. Qd3 Bg5
41. Re2 Qd5 42. Qb3 Qxb3 43. axb3 Bd5 44. b4 Ra8 45. Re5 Be6 46. Ra5 Rc8 0-1

[Event "Titled Tue 17th Jun Late"]
[Site "chess.com INT"]
[Date "2025.06.17"]
[Round "9"]
[White "Oro, Faustino"]
[Black "Hakobyan, Aram"]
[Result "1-0"]
[WhiteTitle "IM"]
[BlackTitle "GM"]
[WhiteElo "2465"]
[BlackElo "2620"]
[WhiteFideId "20000197"]
[BlackFideId "13306677"]
[EventDate "2025.06.17"]

1. e4 e6 2. d4 d5 3. Nd2 c5 4. Ngf3 cxd4 5. Nxd4 Nc6 6. Bb5 Bd7 7. Nxc6 bxc6 8.
Bd3 Bd6 9. Qe2 Qc7 10. Nf3 dxe4 11. Bxe4 Nf6 12. Bd3 c5 13. O-O Bc6 14. Bg5 Nd5
15. Be4 h6 16. Bd2 O-O 17. c4 Ne7 18. Bc3 Rad8 19. Rad1 Qb7 20. Bxc6 Qxc6 21.
Rfe1 Ng6 22. g3 Bc7 23. h4 Ne7 24. Ne5 Bxe5 25. Rxd8 Rxd8 26. Qxe5 Nf5 27. Qe4
Qxe4 28. Rxe4 Nd6 29. Re5 Nxc4 30. Rxc5 Nb6 31. Ra5 Rd7 32. Kg2 f6 33. b3 e5 34.
Bb4 Kf7 35. Bc5 Rc7 36. h5 Ke6 37. b4 Kf5 38. Kf3 Ke6 39. Ra6 Rb7 40. g4 Kd5 41.
a4 Nd7 42. Be3 Rxb4 43. Rxa7 Ke6 44. a5 Ra4 45. a6 Ra3 46. Kg2 Ra4 47. Kg3 e4
48. Ra8 Ne5 49. a7 Kf7 50. Rc8 Ra1 51. a8=Q Rg1+ 52. Kh3 Rh1+ 53. Kg2 Rd1 54.
Rf8+ Ke7 55. Bc5+ Ke6 56. Qc8+ Nd7 57. Qc6+ 1-0

[Event "Titled Tue 17th Jun Late"]
[Site "chess.com INT"]
[Date "2025.06.17"]
[Round "9"]
[White "Beyer, Lorenz"]
[Black "Guerrero Cataldo, Juan Andres"]
[Result "1-0"]
[WhiteTitle "CM"]
[BlackTitle "CM"]
[WhiteElo "2226"]
[BlackElo "2082"]
[WhiteFideId "16245393"]
[BlackFideId "3421260"]
[EventDate "2025.06.17"]

1. d4 Nf6 2. Bf4 g6 3. e3 Bg7 4. h3 O-O 5. Nf3 d5 6. Be2 c5 7. c3 Nc6 8. O-O Nd7
9. Nbd2 e5 10. dxe5 Ndxe5 11. Nxe5 Nxe5 12. Nf3 Nc6 13. a4 h6 14. Bh2 Be6 15.
Qc2 Qe7 16. Rad1 Rfd8 17. Rfe1 Rac8 18. Qb1 a6 19. Bd3 Qf6 20. Be2 Bf5 21. Qa2
Be6 22. Qb1 Qe7 23. Bg3 f5 24. Bd3 Bf7 25. Bh4 Bf6 26. Bxf6 Qxf6 27. Bc2 Kg7 28.
Rd2 b5 29. axb5 axb5 30. Red1 Na5 31. Re2 Nc6 32. Bb3 b4 33. Red2 c4 34. Ba4
bxc3 35. bxc3 Qxc3 36. Bxc6 Rxc6 37. Nd4 Rcc8 38. Qb7 Re8 39. Nb5 Qb4 40. Rxd5
Rb8 41. Qd7 Red8 42. Qc7 Rxd5 43. Rxd5 Rxb5 44. Qe5+ Kh7 45. Rxb5 Qe1+ 46. Kh2
Qxf2 47. Rb7 Kg8 48. Qb8+ Kg7 49. Qe5+ Kg8 50. Qf6 Bd5 51. Qg7# 1-0

[Event "Titled Tue 17th Jun Late"]
[Site "chess.com INT"]
[Date "2025.06.17"]
[Round "9"]
[White "Stemmler, Fabian"]
[Black "Ady, Jonathan J."]
[Result "1/2-1/2"]
[WhiteTitle "CM"]
[BlackTitle "FM"]
[WhiteElo "2190"]
[BlackElo "2355"]
[WhiteFideId "12964808"]
[BlackFideId "6000240"]
[EventDate "2025.06.17"]

1. e4 c5 2. Nf3 d6 3. d4 cxd4 4. Nxd4 Nf6 5. Nc3 a6 6. Bc4 e6 7. Bb3 b5 8. Bg5
Be7 9. Qf3 Qc7 10. e5 Bb7 11. exd6 Bxd6 12. Qe3 Ng4 13. Nxe6 Nxe3 14. Nxc7+ Kd7
15. Bxe3 Kxc7 16. O-O Rf8 17. Nd5+ Bxd5 18. Bxd5 Nc6 19. c3 Rad8 20. Rfd1 f5 21.
Bg5 Rde8 22. Be3 f4 23. Bxc6 Kxc6 24. Bd4 f3 25. g3 g6 26. Rd3 Re2 27. b4 g5 28.
Be3 g4 29. Rxd6+ Kxd6 30. Bc5+ Kd5 31. Bxf8 Kc4 32. Bg7 Kd3 33. Bd4 Kc2 34. Kf1
h5 35. a4 Kb3 36. axb5 axb5 37. Re1 Ra2 38. Kg1 Kc4 39. h3 Kd3 40. hxg4 hxg4 41.
Rb1 Kc2 42. Rf1 Kd3 43. Be3 Kxc3 44. Rb1 Kc4 45. Kf1 Re2 46. Rd1 Kxb4 47. Rd2
Rxd2 48. Bxd2+ Kb3 49. Ke1 b4 50. Bg5 Kc2 51. Bf6 b3 52. Be5 Kc1 53. Bf4+ Kc2
54. Be5 Kc1 55. Bf6 Kc2 56. Ba1 Kc1 57. Bf6 Kc2 1/2-1/2

[Event "Titled Tue 17th Jun Late"]
[Site "chess.com INT"]
[Date "2025.06.17"]
[Round "9"]
[White "Montano Vicente, Guadalupe"]
[Black "Miserendino, Alfredo"]
[Result "1-0"]
[WhiteElo "1938"]
[BlackElo "2032"]
[WhiteFideId "5181399"]
[BlackFideId "101800"]
[EventDate "2025.06.17"]

1. d4 c5 2. d5 Nf6 3. c4 b5 4. cxb5 a6 5. bxa6 Bxa6 6. Nc3 g6 7. e4 Bxf1 8. Kxf1
d6 9. Nf3 Bg7 10. g3 O-O 11. Kg2 Nbd7 12. Be3 Qa5 13. Qc2 Rfb8 14. Rab1 Qa6 15.
Rhe1 Ng4 16. Bd2 Nge5 17. Nxe5 Nxe5 18. b3 Qd3 19. Qxd3 Nxd3 20. Re3 Ne5 21. f4
Ng4 22. Re2 Bd4 23. Kf3 Nf6 24. h3 Rb7 25. Rc1 Ne8 26. Rc2 Nc7 27. g4 Na6 28.
Nd1 Nb4 29. Bxb4 Rxb4 30. Ne3 Bxe3 31. Rxe3 Ra3 32. h4 Kf8 33. h5 gxh5 34. gxh5
f5 35. exf5 Kf7 36. Rce2 Ra7 37. Kg4 Rd4 38. Kg5 Rxd5 39. Re6 Rd1 40. Kh6 Rh1
41. R2e3 Rh4 42. R3e4 Rh3 43. a4 Rxb3 44. Kxh7 Rh3 45. h6 Rh4 46. a5 Rh5 47. f6
exf6 48. Re2 f5 49. Re8 1-0

[Event "Titled Tue 17th Jun Late"]
[Site "chess.com INT"]
[Date "2025.06.17"]
[Round "9"]
[White "Tamames Soria, Cesar Manuel"]
[Black "Chocenka, Dmitrijus"]
[Result "1-0"]
[WhiteTitle "IM"]
[BlackTitle "FM"]
[WhiteElo "2221"]
[BlackElo "2314"]
[WhiteFideId "3529169"]
[BlackFideId "12802336"]
[EventDate "2025.06.17"]

1. d4 Nf6 2. Nf3 g6 3. e3 Bg7 4. Be2 O-O 5. O-O c5 6. Re1 Ne4 7. c4 Nc6 8. Nc3
Nxc3 9. bxc3 d6 10. Nd2 b6 11. Bf3 Bd7 12. h3 Rc8 13. Ba3 Na5 14. Rc1 Be6 15.
Qe2 h5 16. Bd5 Bd7 17. Qd3 Bf5 18. Be4 Bxe4 19. Nxe4 Qe8 20. Qd1 Nxc4 21. Qb3 d5
22. Ng3 e6 23. e4 Nxa3 24. Qxa3 cxd4 25. exd5 Rxc3 26. Qxa7 Rxc1 27. Rxc1 exd5
28. Qxb6 Qa8 29. Rc2 d3 30. Rd2 Rb8 31. Qd6 Rb1+ 32. Kh2 Ra1 33. Rxd3 Rxa2 34.
Rxd5 Rxf2 35. Rd2 Rxd2 36. Qxd2 Be5 37. Qe3 Qb8 38. h4 Bf4 39. Qf3 Kg7 40. Kh3
Bxg3 41. Qxg3 Qxg3+ 42. Kxg3 Kf6 43. Kf4 Ke6 44. Kg5 Ke5 45. g4 1-0

[Event "Titled Tue 17th Jun Late"]
[Site "chess.com INT"]
[Date "2025.06.17"]
[Round "9"]
[White "Tymrakiewicz, Rafal"]
[Black "Schmider, Niklas"]
[Result "0-1"]
[WhiteTitle "FM"]
[BlackTitle "IM"]
[WhiteElo "2206"]
[BlackElo "2421"]
[WhiteFideId "1108832"]
[BlackFideId "12993778"]
[EventDate "2025.06.17"]

1. e4 e5 2. Nf3 Nf6 3. Nc3 Nc6 4. Bb5 Bc5 5. O-O O-O 6. d3 d6 7. Bg5 h6 8. Be3
Nd4 9. Bxd4 exd4 10. Ne2 Bg4 11. Ng3 Nh5 12. h3 Nxg3 13. fxg3 Be6 14. Nh4 d5 15.
e5 a6 16. Ba4 Ba7 17. c3 dxc3+ 18. Kh2 cxb2 19. Rb1 b5 20. Bc2 Bd4 21. Nf3 Bc3
22. d4 b4 23. a3 a5 24. axb4 axb4 25. g4 Ra1 26. Qd3 g6 27. Nd2 c5 28. dxc5
Bxe5+ 29. g3 Qc7 30. Nb3 Rxb1 31. Bxb1 d4 32. Nxd4 Rd8 33. Nxe6 Rxd3 34. Nxc7
Rd2+ 35. Kg1 Bxc7 36. Rf2 Rd1+ 37. Rf1 Rc1 38. Ba2 b3 39. Bb1 Bxg3 40. Kg2 Bh4
41. Be4 Rxc5 42. Kf3 Rc1 43. Ke2 Bg5 44. Rd1 Kg7 45. Bb1 Bf4 46. Rf1 g5 47. Rd1
h5 48. Bf5 Rc2+ 49. Kf3 Bc1 0-1

[Event "Titled Tue 17th Jun Late"]
[Site "chess.com INT"]
[Date "2025.06.17"]
[Round "9"]
[White "Zuferi, Enis"]
[Black "Makridis, Dimitrios"]
[Result "1-0"]
[WhiteTitle "FM"]
[BlackTitle "FM"]
[WhiteElo "2339"]
[BlackElo "2283"]
[WhiteFideId "24692530"]
[BlackFideId "25864475"]
[EventDate "2025.06.17"]

1. d4 Nf6 2. c4 g6 3. h4 Bg7 4. Nc3 c5 5. d5 e6 6. e4 d6 7. Be2 exd5 8. exd5 O-O
9. h5 Re8 10. h6 Bh8 11. Bg5 Nbd7 12. Nf3 Ne5 13. O-O Nxf3+ 14. Bxf3 Bf5 15. g4
Bd7 16. Qd2 Qc8 17. Qf4 Nxg4 18. Bxg4 Bxg4 19. Ne4 Qf5 20. Qxf5 Bxf5 21. Nxd6
Re5 22. Bf4 Re2 23. Rae1 Rxb2 24. Be5 Bxe5 25. Rxe5 Rb6 26. Rfe1 Bd7 27. Ne4 Kf8
28. Nxc5 Rd6 29. Nxb7 Rf6 30. c5 g5 31. c6 Bg4 32. d6 Rxh6 33. f3 Bxf3 34. d7
Rh1+ 35. Kf2 Rxe1 36. Rxe1 Bxc6 37. d8=Q+ Rxd8 38. Nxd8 Bd5 39. Rd1 Bxa2 40. Nc6
h5 41. Ra1 Bd5 42. Nb4 Be4 43. Rxa7 Kg7 44. Ke3 Bf3 45. Kxf3 Kg6 46. Ke4 h4 47.
Nd5 f5+ 48. Ke5 g4 49. Ra6+ Kg5 50. Nf4 h3 51. Rg6+ Kh4 52. Rh6+ Kg3 53. Ne2+
Kg2 54. Kf4 h2 55. Ng3 Kg1 56. Kxf5 Kg2 57. Kxg4 Kg1 58. Kf3 h1=Q+ 59. Rxh1# 1-0

[Event "Titled Tue 17th Jun Late"]
[Site "chess.com INT"]
[Date "2025.06.17"]
[Round "9"]
[White "Swara Lakshmi S Nair"]
[Black "Sinkar, Anagha Aniket"]
[Result "0-1"]
[WhiteTitle "WCM"]
[BlackTitle "WCM"]
[WhiteElo "2187"]
[BlackElo "1776"]
[WhiteFideId "25629239"]
[BlackFideId "30974780"]
[EventDate "2025.06.17"]

1. e4 c5 2. Nf3 Nc6 3. d4 cxd4 4. Nxd4 g6 5. Nc3 Bg7 6. Be3 Nf6 7. Bc4 O-O 8.
Bb3 Re8 9. f3 e6 10. O-O d6 11. Qd2 Bd7 12. Nxc6 Bxc6 13. Rad1 d5 14. exd5 Nxd5
15. Nxd5 Bxd5 16. Bxd5 exd5 17. Bd4 Rc8 18. c3 Bxd4+ 19. Qxd4 Re2 20. Rf2 Qe7
21. Qxd5 Re1+ 22. Rf1 Qe3+ 23. Kh1 Rxf1+ 24. Rxf1 Qe2 25. Rb1 Re8 26. h3 Qc2 27.
Qd1 Qf2 28. Qf1 Qc2 29. Kg1 Re2 30. a3 Qd2 31. b4 Qe3+ 32. Kh1 Ra2 33. Re1 Qxc3
34. Qg1 Rxa3 35. Rc1 Qxb4 36. Rb1 Rb3 37. Rxb3 Qxb3 38. Qxa7 Qd1+ 39. Kh2 Qd6+
40. Kh1 b5 41. Qa8+ Kg7 42. Qb7 b4 43. Qb5 Qd4 44. Kh2 Qc3 45. Qd5 b3 46. h4 b2
47. Qd1 Qc7+ 48. Kh3 Qe5 49. g4 h6 50. Kg2 Qc3 51. Kh3 Qb4 52. Qb1 Qb3 53. Qe4
b1=Q 54. Qe5+ Kh7 55. Qf6 Q1d3 56. Kg3 Qbd5 57. h5 Qd6+ 0-1